Dog Breeds Picture Quiz A-Z - Statistics

General Stats
  • This quiz has been taken 154 times
  • The average score is 15 of 23
Answer Stats
Picture Hint Answer % Correct
D Dalmatian
98%
C Chihuahua
92%
G Golden Retriever
90%
P Pug
89%
L Labrador Retriever
87%
R Rottweiler
87%
S Siberian Husky
87%
F French Bulldog
86%
B Bichon Frise
80%
A Australian Shepherd
76%
Y Yorkshire Terrier
76%
M Maltese
70%
N Newfoundland
66%
I Irish Setter
58%
H Havanese
53%
V Vizsla
51%
O Old English Sheepdog
49%
T Tibetan Mastiff
44%
E English Toy Spaniel
40%
J Japanese Chin
31%
K Komondor
29%
W Welsh Terrier
27%
X Xoloitzcuintli
15%
No matching quizzes found
Score Distribution
Percent of People with Each Score
Percentile by Number Answered
Your Score History
You have not taken this quiz